OKREŚLENIA NIEPOTRZEBNYCH RZECZY - Statystyki

Ogólne statystyki
  • Ten quiz został rozwiązany 23 razy
  • Średni wynik to 2 z 5
Statystyki odpowiedzi
Odpowiedź % Poprawnych
ŚMIECI
67%
GRATY
56%
RUPIEĆ
50%
ZŁOM
33%
BEZUŻYTECZNE
6%
Nie znaleziono quizów pasujących do podanych kryteriów
Rozkład punktacji
Procent ludzi z każdym wynikiem
Percentyl według liczby udzielonych odpowiedzi
Twoja historia wyników
Nie rozwiązałeś tego quizu